Curtain-up on South Africa: presenting a national drama (Record no. 477949)

000 -LEADER
fixed length control field 00386cam a22001337a 4500
008 - FIXED-LENGTH DATA ELEMENTS--GENERAL INFORMATION
fixed length control field 180718b1960 xxu||||| |||| 00| 0 eng d
082 ## - DEWEY DECIMAL CLASSIFICATION NUMBER
Classification number A6x68 A155
100 ## - MAIN ENTRY--PERSONAL NAME
Personal name Allighan, Garry
245 ## - TITLE STATEMENT
Title Curtain-up on South Africa: presenting a national drama
Statement of responsibility, etc. by Garry Allighan
260 ## - PUBLICATION, DISTRIBUTION, ETC.
Place of publication, distribution, etc. London
Name of publisher, distributor, etc. T.V. Boardman
Date of publication, distribution, etc. 1960
300 ## - PHYSICAL DESCRIPTION
Extent 276p.
500 ## - GENERAL NOTE
General note 21/-
650 ## - SUBJECT ADDED ENTRY--TOPICAL TERM
Topical term or geographic name entry element Africa, South - History
Holdings
Withdrawn status Lost status Damaged status Not for loan Permanent Location Current Location Date acquired Full call number Barcode Date last seen Price effective from Koha item type
        Indian Institute of Public Administration Indian Institute of Public Administration 2018-08-04 A6x68 A155 GR2000 2018-08-04 2018-08-04 GR

Powered by Koha